000 00918nam a22002777a 4500
005 20210325182654.0
008 s2000 eng d
020 _a9812301011
041 _aeng
050 _aHT384.A785 E93S 2000
100 0 _aEvers, Hans--Dieter
245 1 0 _aSoutheast Asian urbanism : the meaning and power of social space
260 3 _aSingapore :
_bInstitute of Southeast Asian Studies,
_c2000
300 _a268 p. ;
_b 24 cm.
650 0 4 _aAsia, Southeastern -- Social conditions
650 0 4 _aSocial classes -- Asia, Southeastern
650 0 4 _aSocial structure -- Asia, Southeastern
650 0 4 _aUrban policy -- Asia, Southeastern
650 0 4 _aUrbanization -- Asia, Southeastern
650 0 4 _aWomen in development -- Southeastern
700 0 _aEvers, Hans-Dieter
850 _aNALT
942 _cGB
997 _c000000000015121
998 _aAREERAT VICHACHANG
999 _c15121
_d15121